00492 2200193 4500001002100000005001500021035002000036008004100056245006000097100001800157250000600175260004600181300001100227084001400238082000800252650001400260990001200274990001200286INLIS00000000000036120240503072556 a0010-0424000337240503 0 ind 1 aPencemaran Lingkungan Dan Penanganannya /cKus Dwiyatmo aDwiyatmo, Kus a1 aYogyakarta :bPT. Citra Aji Parama,c2016 a76 hlm a360 KUS p a360 4aNon Fiksi a0728675 a0728676